| 000 | 01091nas a2200325 4500 | ||
|---|---|---|---|
| 001 | BR0904950 | ||
| 003 | BR-BrBNA | ||
| 005 | 20231205113550.0 | ||
| 007 | ta | ||
| 008 | 230509b bl.|||p| |||| 00| 00por d | ||
| 040 |
_aBR-BrBNA _bpor _cBiblioteca Nacional de Agricultura |
||
| 041 | _a(Pt) | ||
| 072 | _aL73 | ||
| 100 | 1 | _aMarana, E.R.M. | |
| 100 | 1 | _aAlfieri, A.A. | |
| 100 | 1 | _aAndrade, G.M. de | |
| 100 | 1 | _aFreire, R.L. | |
| 100 | 1 | _aGarcia, J.L. | |
| 100 | 1 | _aVidotto, O. | |
| 245 | 1 | _aComparação dos testes sorológicos de Imunofluorescência Indireta, Conglutinação Rápida, ELISA indireto e ELISA por competição para a detecção de anticorpos contra o Anaplasma marginale em soros de bovinos de diferentes áreas enzoóticas | |
| 650 | _aBOVINO | ||
| 650 | _aDOENÇA ANIMAL | ||
| 650 | _aSORO | ||
| 650 | _aANTICORPO | ||
| 650 | _aVACINA | ||
| 650 | _aPROFILAXIA | ||
| 773 | 0 |
_tSemina. Ciências Agrárias (Brazil) _xISSN 1676-546X _g(Oct-Dec 2006), v. 27(4) p. 629-637 _wBR0904950 |
|
| 909 |
_a202311 _bLúcia _c55 _dLúcia Elande |
||
| 942 |
_2AGRIS _n0 _cANA |
||
| 999 |
_c204460 _d204460 |
||